Nupcias y urnas : catorce poetas de Bélgica = Noces et urnes /

Antología de poetas contemporáneos de Bélgica, selección personal del traductor. Autores: Fernand Verhesen, Philippe Jones, François Jacqmin, André Schmitz, Francis Tessa, François Delcarte, William Meurant, Mimy Kinnet, Frans de Haes, Pierre-Yves Soucy, Ives Mamur y Carl Norac.

-д хадгалсан:
Номзүйн дэлгэрэнгүй
Үндсэн зохиолч: Mitre, Eduardo (selec. y tr.)
Формат: Ном
Хэл сонгох:испани
Хэвлэсэн: México : El Tucán de Virginia : CONACULTA, 1998, c1998
Цуврал:(Torre Abolida. Zona)
Нөхцлүүд:
Шошгууд: Шошго нэмэх
Шошго байхгүй, Энэхүү баримтыг шошголох эхний хүн болох!

MARC

LEADER 00000nam^a2200000^a^4500
001 000120461
005 20250521000000.0
009 20260310094351.735
020 |a 968-6756-44-2 
037 |a Acervo ITESO - Biblioteca 
041 |a ESP 
082 |a 841.  |b MIT 
100 |a Mitre, Eduardo  |e (selec. y tr.) 
245 1 0 |a Nupcias y urnas :  |b catorce poetas de Bélgica = Noces et urnes /  |c Selec. y tr. por E. Mitre. 
264 4 |a México :  |b El Tucán de Virginia :  |b CONACULTA,  |c 1998, c1998 
300 |a 210 p. 
336 |a texto  |b txt  |2 rdacontenido 
337 |a sin mediación  |b n  |2 rdamedio 
338 |a volumen  |b nc  |2 rdasoporte 
440 1 |a (Torre Abolida.  |p Zona) 
520 |a Antología de poetas contemporáneos de Bélgica, selección personal del traductor. Autores: Fernand Verhesen, Philippe Jones, François Jacqmin, André Schmitz, Francis Tessa, François Delcarte, William Meurant, Mimy Kinnet, Frans de Haes, Pierre-Yves Soucy, Ives Mamur y Carl Norac. 
546 |a Edición bilingüe español-francés 
649 |a XX 
650 |a Poesía Belga 
650 |a Literatura Belga -  |y Siglo XX 
650 |a Literatura en Francés 
910 |a Fondo General 
920 |a Impresos - Libros 
930 |a Colección General 
940 |a Literatura 
905 |a 101 
901 |a 0500055280  |b IT1  |c LIT  |u 20250521 
902 |a https://opac.biblio.iteso.mx/vufind/Record/000120461